| 000 | 00531nam a22002057a 4500 | ||
|---|---|---|---|
| 003 | OSt | ||
| 005 | 20160705151923.0 | ||
| 008 | 160705b xxu||||| |||| 00| 0 eng d | ||
| 020 | _a9780323042321 | ||
| 040 | _cDNLM. | ||
| 082 | _aWW100Y170 2009. | ||
| 100 |
_aYanoff,Myron;Sassani,W.Joseph. _99969 |
||
| 245 | _aOcular Pathology. | ||
| 250 | _a6th ed. | ||
| 260 |
_aLondon. _bMosby. _c2009; |
||
| 300 |
_a789p; _bcol,ill; _c28cm. |
||
| 504 | _aincludes bibliography and index. | ||
| 650 |
_aPathology. _937 |
||
| 942 |
_2z _cO_SHELF |
||
| 999 |
_c4640 _d4640 |
||